The case of the food fight / (Record no. 2329)

MARC details
000 -LEADER
fixed length control field 01592cam a22004693a 4500
001 - CONTROL NUMBER
control field 2329
003 - CONTROL NUMBER IDENTIFIER
control field FISKH
005 - DATE AND TIME OF LATEST TRANSACTION
control field 20231117094111.0
008 - FIXED-LENGTH DATA ELEMENTS--GENERAL INFORMATION
fixed length control field 050815s2005 nyua b 000 1 eng d
010 ## - LIBRARY OF CONGRESS CONTROL NUMBER
LC control number 2005577042
020 ## - INTERNATIONAL STANDARD BOOK NUMBER
International Standard Book Number 0439678072 (pbk.)
020 ## - INTERNATIONAL STANDARD BOOK NUMBER
International Standard Book Number 9780439678070
020 ## - INTERNATIONAL STANDARD BOOK NUMBER
International Standard Book Number 1415623910 (BWI bdg.)
024 3# - OTHER STANDARD IDENTIFIER
Standard number or code 9780439678070
035 ## - SYSTEM CONTROL NUMBER
System control number (OCoLC)ocm61264949
040 ## - CATALOGING SOURCE
Original cataloging agency BKX
Transcribing agency BKX
Modifying agency BAKER
-- DLC
-- DLC
Language of cataloging eng
042 ## - AUTHENTICATION CODE
Authentication code lccopycat
050 00 - LIBRARY OF CONGRESS CALL NUMBER
Classification number CPB Box no. 2370 vol. 13
082 ## - DEWEY DECIMAL CLASSIFICATION NUMBER
Classification number 479
100 1# - MAIN ENTRY--PERSONAL NAME
Personal name Preller, James.
245 14 - TITLE STATEMENT
Title The case of the food fight /
Statement of responsibility, etc. by James Preller ; illustrated by Jamie Smith ; cover illustration by R.W. Alley.
260 ## - PUBLICATION, DISTRIBUTION, ETC.
Place of publication, distribution, etc. New York :
Name of publisher, distributor, etc. Scholastic,
Date of publication, distribution, etc. 2005.
300 ## - PHYSICAL DESCRIPTION
Extent 77 pages :
Other physical details illustrations ;
Dimensions 20 cm
440 #0 - SERIES STATEMENT/ADDED ENTRY--TITLE
Title Little apple
490 1# - SERIES STATEMENT
Series statement Jigsaw Jones mysteries ;
Volume/sequential designation Book 28
505 ## - FORMATTED CONTENTS NOTE
Formatted contents note G<br/>
520 ## - SUMMARY, ETC.
Summary, etc. Jigsaw Jones tries to prove that Joey Pignattano should not be blamed for starting a food fight in the school cafeteria.
521 0# - TARGET AUDIENCE NOTE
Target audience note 390<br/>
Source Lexile<br/>
521 1# - TARGET AUDIENCE NOTE
Target audience note G<br/>
Source Raz-Plus<br/>
650 #0 - SUBJECT ADDED ENTRY--TOPICAL TERM
Topical term or geographic name entry element Private investigators
Form subdivision Juvenile fiction.
650 #0 - SUBJECT ADDED ENTRY--TOPICAL TERM
Topical term or geographic name entry element School children
General subdivision Food
Form subdivision Juvenile fiction.
650 #0 - SUBJECT ADDED ENTRY--TOPICAL TERM
Topical term or geographic name entry element Schools
Form subdivision Juvenile fiction.
650 #0 - SUBJECT ADDED ENTRY--TOPICAL TERM
Topical term or geographic name entry element Private investigators
Form subdivision Fiction.
650 #0 - SUBJECT ADDED ENTRY--TOPICAL TERM
Topical term or geographic name entry element Schools
Form subdivision Fiction.
650 #0 - SUBJECT ADDED ENTRY--TOPICAL TERM
Topical term or geographic name entry element Food
Form subdivision Fiction.
650 #0 - SUBJECT ADDED ENTRY--TOPICAL TERM
Topical term or geographic name entry element Detective and mystery stories.
655 #7 - INDEX TERM--GENRE/FORM
Genre/form data or focus term Mystery fiction.
Source of term gsafd
655 #7 - INDEX TERM--GENRE/FORM
Genre/form data or focus term Children's stories.
Source of term lcsh
700 1# - ADDED ENTRY--PERSONAL NAME
Personal name Smith, Jamie,
Dates associated with a name 1971-
Relator term illustrator.
906 ## - LOCAL DATA ELEMENT F, LDF (RLIN)
a 7
b cbc
c copycat
d 2
e ncip
f 20
g y-genrareb
942 ## - ADDED ENTRY ELEMENTS (KOHA)
Source of classification or shelving scheme Dewey Decimal Classification
Koha item type Books
Suppress in OPAC No
Holdings
Withdrawn status Lost status Source of classification or shelving scheme Damaged status Not for loan Collection Home library Current library Shelving location Date acquired Total Checkouts Full call number Barcode Date last seen Date last checked out Price effective from Koha item type
    Dewey Decimal Classification     Juvenile Fiction Footprints International School Library Network Toul Kork Campus Footprints International School Library Network Toul Kork Campus TK Primary Library Room(4th Floor), Bookcase 1&2, Shelves 1-16, Dark Blue Books 11/17/2023 1 PRE 479 PZ7.P915 FISTK00204 01/25/2024 12/07/2023 11/17/2023 Books